000 00559nam a22001937a 4500
999 _c5492
_d5492
003 AR-CdUCM
008 190312b ||||| |||| 00| 0 spa d
040 _aMUNICIPALIDAD PROVINCIAL DEL CUSCO
_cBIBLIOTECA MUNICIPAL DEL CUSCO
082 _a869 /
_bC921
100 _aCrespo Toral, Remigio
_916484
245 _aLeyenda de Hernan /
260 _aEcuador :
_bAriel,
300 _a198 páginas ;
_c18 cm.
440 _aClásicos ariel
_n24
_916485
505 _aContenido: Literatura, novela.
650 _anovela.
_9110
942 _2ddc
_cLIBROS
945 _awfj